Management for modern families (Record no. 84711)

MARC details
000 -LEADER
fixed length control field 00661nam a22002417a 4500
003 - CONTROL NUMBER IDENTIFIER
control field URS
005 - DATE AND TIME OF LATEST TRANSACTION
control field 20250828100454.0
008 - FIXED-LENGTH DATA ELEMENTS--GENERAL INFORMATION
fixed length control field 250402b ||||| |||| 00| 0 eng d
020 ## - INTERNATIONAL STANDARD BOOK NUMBER
International Standard Book Number 0135487765
040 ## - CATALOGING SOURCE
Transcribing agency URS
050 ## - LIBRARY OF CONGRESS CALL NUMBER
Classification number TX168
Item number .G914 1973
100 ## - MAIN ENTRY--PERSONAL NAME
9 (RLIN) 12048
Personal name Gross, Irma Hannah
245 ## - TITLE STATEMENT
Title Management for modern families
264 ## - PRODUCTION, PUBLICATION, DISTRIBUTION, MANUFACTURE, AND COPYRIGHT NOTICE
Place of production, publication, distribution, manufacture Englewood, N.J.
Name of producer, publisher, distributor, manufacturer Prentice-Hall
Date of production, publication, distribution, manufacture, or copyright notice ©1973
300 ## - PHYSICAL DESCRIPTION
Extent 710 pages.,:
336 ## - CONTENT TYPE
Source rdacontent
Content type term text
337 ## - MEDIA TYPE
Source rdamedia
Media type term unmediated
338 ## - CARRIER TYPE
Source rdacarrier
Carrier type term volume
650 #0 - SUBJECT ADDED ENTRY--TOPICAL TERM
9 (RLIN) 2399
Topical term or geographic name entry element Home economics
700 ## - ADDED ENTRY--PERSONAL NAME
9 (RLIN) 12049
Personal name Crandall, Elizabeth W.
700 ## - ADDED ENTRY--PERSONAL NAME
9 (RLIN) 12050
Personal name Knoll, Marjorie M.
942 ## - ADDED ENTRY ELEMENTS (KOHA)
Source of classification or shelving scheme Library of Congress Classification
Koha item type Continuing Resources
Holdings
Withdrawn status Source of classification or shelving scheme Damaged status Not for loan Collection code Home library Current library Date acquired Total Checkouts Full call number Barcode Date last seen Price effective from Koha item type
  Library of Congress Classification     Non-fiction Morong Graduate Library Morong Graduate Library 04/02/2025   TX168 .G914 1973 URSMOR-GL-2487 04/02/2025 04/02/2025 Continuing Resources

University of Rizal System
Email us at univlibservices@urs.edu.ph

Visit our Website www.urs.edu.ph/library